The Beatles - Penny Lane - Statistics

General Stats
  • This quiz has been taken 173 times
  • The average score is 164 of 232
Answer Stats
Lyric % Correct
Lane
100%
Penny
100%
I
99%
Is
98%
A
96%
The
96%
In
95%
There
93%
An
92%
And
90%
He
87%
Barber
83%
My
82%
Ears
77%
Of
77%
Eyes
73%
To
73%
Photographs
71%
Blue
69%
Fire
66%
Beneath
65%
Every
65%
Had
65%
Head
65%
Know
65%
Skies
65%
Mac
64%
Pleasure
63%
Showing
63%
Suburban
63%
All
60%
Clean
60%
Go
60%
His
60%
People
60%
Very
60%
He's
59%
Say
59%
Stop
59%
Strange
59%
Hello
58%
Rain
58%
That
58%
With
58%
Come
57%
Back
56%
Machine
56%
Pouring
56%
Engine
55%
We
55%
It's
54%
On
54%
Fireman
52%
Meanwhile
52%
Banker
51%
Queen
51%
She
48%
Sit
48%
Wears
48%
Keep
47%
Likes
47%
Never
46%
Portrait
45%
At
44%
Children
44%
Corner
44%
Hourglass
44%
Behind
43%
Pocket
43%
Motorcar
42%
For
38%
Him
38%
Finger
37%
Fish
37%
From
37%
Laugh
37%
Customer
36%
Little
36%
Roundabout
36%
Then
36%
See
35%
Middle
34%
Anyway
33%
Selling
33%
Another
32%
Pies
32%
Summer
32%
Play
31%
Rushes
31%
Shaves
31%
She's
30%
If
28%
Poppies
27%
Shelter
27%
Pretty
26%
Tray
26%
Trim
26%
As
25%
Feels
25%
Waiting
25%
Nurse
24%
Though
24%
Sitting
23%
Four
20%
No matching quizzes found
Score Distribution
Percent of People with Each Score
Percentile by Number Answered
Your Score History
You have not taken this quiz